000 00441nam a2200157 4500
001 120224
003 ES-MaACL
005 20230906191506.0
007 t|
008 070214s1926 sp r ||||1| spa d
100 1 _aPirandello, Luigi.
_992338
245 1 0 _aCuando estaba loco /
_cLuigi Pirandello ; traducción de Félix Azzati.
260 _aValencia :
_bSempere,
_c1926.
300 _a211 p. ;
_c20 x 13 cm.
852 _aES-MaACL
_jF-212
999 _c120224
_d120224